The red and the black (Notes)

সংরক্ষণ করুন:
গ্রন্থ-পঞ্জীর বিবরন
প্রধান লেখক: Gobert, D. L.
বিন্যাস: গ্রন্থ
ভাষা:English
প্রকাশিত: Nebraska, Estados Unidos Cliff's Notes 1967
বিষয়গুলি:
ট্যাগগুলো: ট্যাগ যুক্ত করুন
কোনো ট্যাগ নেই, প্রথমজন হিসাবে ট্যাগ করুন!

MARC

LEADER 00000nam a2200000Ia 4500
008 170316s9999 xx 000 0 eng d
040 |a cru BVZT 
090 |a C-840 G-5.2r  
100 |a Gobert, D. L.  
245 4 |a The red and the black (Notes)  |c D. L. Gobert 
260 |a Nebraska, Estados Unidos 
260 |b Cliff's Notes 
260 |c 1967 
300 |a 89 páginas 
650 |a LITERATURA FRANCESA  |9 109 
650 |a CRÍTICA  
999 |c 23397  |d 23397 
942 |c LIB  |h C-840 G-5.2r   |2 z